000 00626nam a2200205Ia 4500
001 3289
003 GE_BSU
008 181216s||||||||xx |||||||||||||| ||und||
040 _cGE_BSU
080 _a665.63+66(075.8)
100 _aАлександров,И.А.
245 _aПерегонка и ректификация в нефтепереработке.
245 _cРед.И.А.Захарьянц.
260 _aМ.
260 _bХимия.
260 _c1981.
300 _a352 стр.илл.21см.
653 _aПерегонка и ректификация в нефтепереработке.
942 _cBK
999 _c37330
_d37330